MARC

LEADER 00000nam0a2200000 4500
001 338877
005 20231102005106.0
020 |a RU  |b 87-69817 
035 |a (RuTPU)RU\TPU\book\365381 
090 |a 338877 
100 |a 20171205d1987 k y0rusy5003 ca 
101 0 |a rus 
102 |a RU 
105 |a a z 001zy 
200 1 |a Малоотходные и энергосберегающие процессы плавки и литья цветных металлов и сплавов  |e тематический сборник научных трудов  |f Государственный научно-исследовательский, проектный и конструкторский институт сплавов и обработки цветных металлов (Гипроцветметобработка) ; под ред. А. В. Новикова 
210 |a Москва  |c Металлургия  |d 1987 
215 |a 79 с.  |c ил. 
320 |a Библиогр. в конце ст. 
606 1 |a Цветные металлы  |x Плавка  |2 stltpush  |3 (RuTPU)RU\TPU\subj\17864  |9 43424 
606 1 |a Цветное литье  |x Технология  |2 stltpush  |3 (RuTPU)RU\TPU\subj\72700  |9 86109 
610 1 |a малоотходные технологии 
610 0 |a энергосберегающая технология 
610 0 |a оборудование 
610 0 |a плавильные агрегаты 
610 1 |a литейные агрегаты 
610 1 |a параметры 
610 1 |a дегазация 
610 1 |a очистка 
610 1 |a фильтрование 
610 1 |a математические модели 
610 1 |a затвердевание 
610 1 |a никелевые сплавы 
610 1 |a непрерывное литье 
610 1 |a заготовки 
610 1 |a формирование 
675 |a 621.74:669.2/.8  |z rus  |v 3 
675 |a 621.745.5  |v 3 
702 1 |a Новиков  |b А. В.  |4 340 
712 0 2 |a Государственный научно-исследовательский, проектный и конструкторский институт сплавов и обработки цветных металлов (Гипроцветметобработка)  |c (Москва)  |2 stltpush  |3 (RuTPU)RU\TPU\col\15724 
801 0 |a RU  |b RuMRKP  |c 19960705  |g psbo 
801 1 |a RU  |b 63413507  |c 20171205 
801 2 |a RU  |b 63413507  |c 20171208  |g RCR 
942 |c BK